Tong hua zhi cheng = (Record no. 169966)

MARC details
000 -LEADER
fixed length control field 00915nam a22003017i 4500
005 - DATE AND TIME OF LATEST TRANSACTION
control field 20181024114103.0
008 - FIXED-LENGTH DATA ELEMENTS--GENERAL INFORMATION
fixed length control field 181023t20122012my ||||j |||| 00| 1 chi d
020 ## - INTERNATIONAL STANDARD BOOK NUMBER
International Standard Book Number 9789670370835
Terms of availability RM20.00
Qualifying information paperback
040 ## - CATALOGING SOURCE
Original cataloging agency PPAK
Language of cataloging eng
Transcribing agency PPAK
Description conventions rda
082 04 - DEWEY DECIMAL CLASSIFICATION NUMBER
Edition number 23
Classification number 895.1352
090 00 - LOCALLY ASSIGNED LC-TYPE CALL NUMBER (OCLC); LOCAL CALL NUMBER (RLIN)
Classification number (OCLC) (R) ; Classification number, CALL (RLIN) (NR) 895.1352
Feature heading TIN
Feature heading K
100 1# - MAIN ENTRY--PERSONAL NAME
Personal name Ting, Moi Zhi,
Dates associated with a name 1982-
Relator term author.
245 10 - TITLE STATEMENT
Title Tong hua zhi cheng =
Remainder of title Fairy tale city /
Statement of responsibility, etc. Ting Moi Zhi
246 31 - VARYING FORM OF TITLE
Title proper/short title Fairy tale city
250 ## - EDITION STATEMENT
Edition statement Di yi ban
264 #1 - PRODUCTION, PUBLICATION, DISTRIBUTION, MANUFACTURE, AND COPYRIGHT NOTICE
Place of production, publication, distribution, manufacture Cheras, Kuala Lumpur :
Name of producer, publisher, distributor, manufacturer Odonata Publishing Sdn, Bhd.,
Date of production, publication, distribution, manufacture, or copyright notice 2012
Date of production, publication, distribution, manufacture, or copyright notice ©2012
300 ## - PHYSICAL DESCRIPTION
Extent 270 pages :
Dimensions 21 cm
336 ## - CONTENT TYPE
Source rdacontent
Content type term text
337 ## - MEDIA TYPE
Source rdamedia
Media type term unmediated
338 ## - CARRIER TYPE
Source rdacarrier
Carrier type term volume
490 1# - SERIES STATEMENT
Series statement Works ;
Volume/sequential designation 02
650 10 - SUBJECT ADDED ENTRY--TOPICAL TERM
Topical term or geographic name entry element Young adult fiction, Chinese
Topical term or geographic name entry element Chinese fiction
Geographic subdivision Malaysia
Topical term or geographic name entry element Malaysian fiction (Chinese)
830 #0 - SERIES ADDED ENTRY--UNIFORM TITLE
Uniform title Works ;
Number of part/section of a work 02
942 ## - ADDED ENTRY ELEMENTS (KOHA)
Source of classification or shelving scheme Dewey Decimal Classification
Koha item type Book
Holdings
Withdrawn Not for loan Current library Shelving location Date acquired Total Checkouts Total Renewals Full call number Barcode Date last seen Date last checked out Koha item type
    Perpustakaan Alor Setar Pinjaman Kanak-kanak 11/11/2018 15 5 K 895.1352 TIN A00737392 15/02/2026 28/12/2025 Book